书目信息 |
| 题名: |
中国教育
|
|
| 作者: | 丁钢 主编 | |
| 分册: | ||
| 出版信息: | 北京 教育科学出版社 2002 |
|
| 页数: | 299页 | |
| 开本: | 26cm | |
| 丛书名: | 国际性中国教育研究集刊 第2辑 | |
| 单 册: | ||
| 中图分类: | G52-53 | |
| 科图分类: | ||
| 主题词: | 教育事业--世界 | |
| 电子资源: | ||
| ISBN: | 7-5041-2262-9 | |
| 000 | 00682nam0 2200229 450 | |
| 001 | 0747002109 | |
| 005 | 20070129130548.32 | |
| 010 | @a7-5041-2262-9@dCNY 35.00 | |
| 100 | @a20070129d2002 km y0chiy0120 ea | |
| 101 | 0 | @achi |
| 102 | @aCN@b110000 | |
| 200 | 1 | @a中国教育@Azhong guo jiao yu@e研究与评论@f丁钢主编@Fding gang zhu bian |
| 210 | @a北京@c教育科学出版社@d2002 | |
| 215 | @a299页@d26cm | |
| 225 | 2 | @a国际性中国教育研究集刊 第2辑 |
| 410 | 0 | @12001 @a国际性中国教育研究集刊 第2辑 |
| 517 | 1 | @a研究与评论@Ayan jiu yu ping lun |
| 606 | 0 | @a教育事业@x世界 |
| 690 | @aG52-53@v3 | |
| 701 | 0 | @a丁钢@Ading gang@4主编 |
| 801 | 0 | @aCN@c20070129 |
| 905 | @a10447@dG52-53@eD522 | |
| 中国教育:研究与评论/丁钢主编.-北京:教育科学出版社,2002 |
| 299页;26cm.-(国际性中国教育研究集刊 第2辑) |
| ISBN 7-5041-2262-9:CNY 35.00 |
| ● |
| 相关链接 |
|
|
|
正题名:中国教育
索取号:G52-53/D522
 
预约/预借
| 序号 | 登录号 | 条形码 | 馆藏地/架位号 | 状态 | 备注 |
| 1 | 445189 | 204451896 | 社科库409/409社科库 5排2列3层/ [索取号:G52-53/D522] | 在馆 |